000 00344nam a2200145Ia 4500
008 150201s2010 xx 000 0 und d
082 _a610.7362
_bE10K
100 _aKYKE , TERRI
245 _aESSENTIALS OF PEDIATRICS NURSING
250 _a2ND
260 _bWOLTERS
_aDELHI
_c2010
300 _a1198
650 _aPEDIATRICS
942 _2ddc
_cBK
999 _c1987
_d1987